العوالم الأخرى : (رقم التسجيلة. 19864)

تفاصيل مارك
000 -LEADER
fixed length control field 00734nam a22001937a 4500
005 - DATE AND TIME OF LATEST TRANSACTION
control field 20251108165018.0
008 - FIXED-LENGTH DATA ELEMENTS--GENERAL INFORMATION
fixed length control field 250721s1990 xx 000 0 ara d
082 14 - DEWEY DECIMAL CLASSIFICATION NUMBER
Classification number 539/ديف
100 1# - MAIN ENTRY--PERSONAL NAME
Personal name ديفيس، بول
245 10 - TITLE STATEMENT
Title العوالم الأخرى :
Remainder of title صورة الكون و الوجود و العقل و المادة و الزمن في الفيزياء الحديثة /
264 1# - PRODUCTION, PUBLICATION, DISTRIBUTION, MANUFACTURE, AND COPYRIGHT NOTICE
Place of production, publication, distribution, manufacture دمشق :
Name of producer, publisher, distributor, manufacturer دار طلاس للدراسات و الترجمة و النشر،
Date of production, publication, distribution, manufacture, or copyright notice 1990.
300 ## - PHYSICAL DESCRIPTION
Extent 217ص.
490 0# - SERIES STATEMENT
Series statement سلسلة الثقافة المميزة ؛ 1
650 17 - SUBJECT ADDED ENTRY--TOPICAL TERM
Topical term or geographic name as entry element الفيزياء
650 17 - SUBJECT ADDED ENTRY--TOPICAL TERM
Topical term or geographic name as entry element الفيزياء الحديثة
700 1# - ADDED ENTRY--PERSONAL NAME
Personal name النجدي، حاتم
Relator term ترجمة
942 ## - ADDED ENTRY ELEMENTS (KOHA)
Source of classification or shelving scheme Dewey Decimal Classification
Koha item type كتب
المقتنيات
حالة السحب حالة الفقدان مصدر التصنيف حالة التلف غير قابل للإعارة المكتبة الرئيسية المكتبة الحالية موقع الرف تاريخ التزويد الرقم المتسلسل Total Checkouts رقم الإستدعاء الباركود تاريخ آخر ظهور تاريخ الفاتورة نوع المادة (كوها)
    Dewey Decimal Classification     المكتبة المركزية المكتبة المركزية الإعارة 10/10/2012 173093   539/ديف PLD00259014 28/07/2025 10/10/2012 كتب
Implemented & Customized by: BBB with SCIT (Smart Chains for Information Technology)

Powered by Koha